LEADER 01081nam a2200265 i 4500 001 000000161252 003 CaOOAMICUS 005 20070510000000.0 008 070510s1958 it u000 u ita u 013 $a138615 040 $aSeMil$bita 100 1 $aMussolini, Rachele.$0(OLS)http://semarc/name/39171 245 10$aBenito il mio uomo /$cRachele Mussolini ; [Narrazione raccolta da Anita Pensotti]. 260 $aMilano :$bRizzoli,$c1958. 300 $a312 p., 31 c. di tav. ;$c23 cm. 490 0 $aSidera 600 14$aMussolini, Benito <1883-1945>.$0(OLS)http://semarc/subject/6801 700 1 $aPensotti, Anita.$0(OLS)http://semarc/name/42560 700 1 $aMussolini, Benito <1883-1945>.$0(OLS)http://semarc/name/1154 830 0$aSidera.$0(OLS)http://semarc/title/7363 850 $aSeMil 852 $aSeMil$W1$xVenegono$y1$m3U III 350$j112684$B112684$CSeMilBibl$Z2$F124586 $81 961 $aOmaggio: Parrocchia Bresso-S.Carlo 996 $6245$aBenito il mio uomo$9(OLS)http://semarc/title/144283 996 $6260$aMilano :$bRizzoli$9(OLS)http://semarc/publisher/29824 LEADER 01112nam a2200277 i 4500 001 000000109106 003 CaOOAMICUS 005 20180316000000.0 008 180316s1962 it u000 u ita u 013 $a81786 040 $aSeMil$bita 100 1 $aLambruschini, Raffaello,$d<1788-1873>.$0(OLS)http://semarc/name/35834 245 10$aDella educazione /$cRaffaello Lambruschini ; a cura di Mario Casotti. 250 $a11. ed. 260 $aBrescia :$bLa Scuola,$c1962. 300 $aXXXVIII, 336 p. ;$c21 cm. 490 0 $aL'educazione : classici della pedagogia commentati 500 $aContiene : Appendice. 650 4$aEducazione - Studi.$0(OLS)http://semarc/subject/1420 700 1 $aCasotti, Mario,$d<1924-1975>.$0(OLS)http://semarc/name/2109 830 2$aL'educazione.$0(OLS)http://semarc/title/6771 850 $aSeMil 852 $aSeMil$W1$xVenegono$y1$m2Q II 503$j65125$B65125$CSeMilBibl$Z2$F72684 $81 961 $aRecupero: Seminario di Seveso 996 $6245$aDella educazione$9(OLS)http://semarc/title/158336 996 $6260$aBrescia :$bLa Scuola$9(OLS)http://semarc/publisher/29831